Statistics for Prime Factors 2-200

Click here to take the quiz!

General Stats

  • This quiz has been taken 7 times
  • The average score is 15 of 199

Answer Stats

NumberPrime factors% Correct
22
100%
33
71%
42,2
43%
82,2,2
43%
62,3
43%
55
43%
77
43%
1111
29%
1313
29%
1717
29%
1919
29%
222,11
29%
162,2,2,2
29%
122,2,3
29%
202,2,5
29%
2323
29%
182,3,3
29%
102,5
29%
142,7
29%
93,3
29%
153,5
29%
213,7
29%
101101
14%
103103
14%
107107
14%
109109
14%
113113
14%
127127
14%
131131
14%
137137
14%
139139
14%
149149
14%
151151
14%
157157
14%
163163
14%
167167
14%
173173
14%
181181
14%
191191
14%
193193
14%
197197
14%
199199
14%
262,13
14%
242,2,2,3
14%
602,2,3,5
14%
1002,2,5,5
14%
282,2,7
14%
1022,3,17
14%
302,3,5
14%
2929
14%
3131
14%
333,11
14%
273,3,3
14%
3737
14%
4747
14%
555,11
14%
5353
14%
255,5
14%
355,7
14%
5959
14%
6161
14%
6767
14%
7171
14%
777,11
14%
7373
14%
7979
14%
8383
14%
8989
14%
9797
14%
12111,11
0%
14311,13
0%
18711,17
0%
16913,13
0%
179179
0%
342,17
0%
382,19
0%
442,2,11
0%
522,2,13
0%
682,2,17
0%
762,2,19
0%
882,2,2,11
0%
1042,2,2,13
0%
1362,2,2,17
0%
1522,2,2,19
0%
1762,2,2,2,11
0%
322,2,2,2,2
0%
642,2,2,2,2,2
0%
1282,2,2,2,2,2,2
0%
1922,2,2,2,2,2,3
0%
962,2,2,2,2,3
0%
1602,2,2,2,2,5
0%
482,2,2,2,3
0%
1842,2,2,23
0%
1442,2,2,2,3,3
0%
802,2,2,2,5
0%
1122,2,2,2,7
0%
922,2,23
0%
722,2,2,3,3
0%
1202,2,2,3,5
0%
1682,2,2,3,7
0%
402,2,2,5
0%
2002,2,2,5,5
0%
562,2,2,7
0%
1162,2,29
0%
462,23
0%
1242,2,31
0%
1322,2,3,11
0%
1562,2,3,13
0%
362,2,3,3
0%
1082,2,3,3,3
0%
1802,2,3,3,5
0%
842,2,3,7
0%
1482,2,37
0%
1642,2,41
0%
1722,2,43
0%
1882,2,47
0%
1402,2,5,7
0%
1962,2,7,7
0%
582,29
0%
622,31
0%
662,3,11
0%
782,3,13
0%
1142,3,19
0%
1382,3,23
0%
1742,3,29
0%
1862,3,31
0%
1982,3,3,11
0%
542,3,3,3
0%
1622,3,3,3,3
0%
902,3,3,5
0%
1262,3,3,7
0%
1502,3,5,5
0%
422,3,7
0%
742,37
0%
822,41
0%
862,43
0%
942,47
0%
1102,5,11
0%
1302,5,13
0%
1702,5,17
0%
1902,5,19
0%
1062,53
0%
502,5,5
0%
702,5,7
0%
1182,59
0%
1222,61
0%
1342,67
0%
1422,71
0%
1542,7,11
0%
1822,7,13
0%
1462,73
0%
982,7,7
0%
1582,79
0%
1662,83
0%
1782,89
0%
1942,97
0%
393,13
0%
513,17
0%
573,19
0%
693,23
0%
873,29
0%
933,31
0%
993,3,11
0%
1173,3,13
0%
1533,3,17
0%
1713,3,19
0%
813,3,3,3
0%
1353,3,3,5
0%
1893,3,3,7
0%
453,3,5
0%
633,3,7
0%
1113,37
0%
1233,41
0%
1293,43
0%
1413,47
0%
1653,5,11
0%
1953,5,13
0%
1593,53
0%
753,5,5
0%
1053,5,7
0%
1773,59
0%
1833,61
0%
1473,7,7
0%
4141
0%
4343
0%
655,13
0%
855,17
0%
955,19
0%
1155,23
0%
1455,29
0%
1555,31
0%
1855,37
0%
1255,5,5
0%
1755,5,7
0%
917,13
0%
1197,17
0%
1337,19
0%
1617,23
0%
497,7
0%

Score Distribution

Percentile by Number Answered

Percent of People with Each Score

Your Score History

You have not taken this quiz